000
00280nam a22001217a 4500
008
180927b xxu||||| |||| 00| 0 eng d
041
_a
eng
080
_a
341
100
_a
15
101
_a
SHJ
245
_a
Securities Litigation Forms & Analysis
_c
Richter, S.E
942
_2
udc
_c
BK
999
_c
48611
_d
48611